| 000 | 00646nam a2200217 i 4500 | ||
|---|---|---|---|
| 001 | 9334 | ||
| 003 | ES-MaACL | ||
| 005 | 20250902064233.0 | ||
| 007 | t| | ||
| 008 | 930806s1987 sp ||||1| spa d | ||
| 020 | _a84-505-6266-X | ||
| 080 | _a658.14/17 | ||
| 100 | 1 |
_aGarzón Muñoz, Juan José. _955823 |
|
| 245 | 1 | 3 |
_aLa Empresa y sus estados financieros básicos / _c[Juan José Garzón Muñoz]. |
| 260 |
_aMadrid : _bCajamadrid, _cD.L. 1987. |
||
| 300 |
_a221 p. ; _c24 cm. |
||
| 500 | _aBibliogr.: p. [219]-221. | ||
| 650 | 1 | 4 |
_aEmpresas- _xFinanzas _912223 |
| 852 |
_aES-MaACL _jL-16809 _bR.115301 |
||
| 999 |
_c9334 _d9334 |
||